The practice of english language teaching /
Saved in:
| Main Author: | |
|---|---|
| Format: | Book |
| Language: | English |
| Published: |
London :
Longman Group UK,
1991
|
| Edition: | New ed. |
| Subjects: | |
| Tags: |
No Tags, Be the first to tag this record!
|
MARC
| LEADER | 00000nam a22000003a 4500 | ||
|---|---|---|---|
| 001 | stu9239 | ||
| 005 | 20150617225806.8 | ||
| 008 | 961118s1991----uk------------------eng-d | ||
| 020 | |a 0-582-04656-4 | ||
| 040 | |a STU |b slo | ||
| 041 | 0 | |a eng | |
| 044 | |a uk | ||
| 080 | |a 802.0 | ||
| 080 | |a 372.880 |7 stu_us_auth*stu6267 | ||
| 100 | 1 | |a Harmer, Jeremy |4 aut | |
| 245 | 1 | |a The practice of english language teaching / |c [aut.] Harmer,Jeremy | |
| 250 | |a New ed. | ||
| 260 | |a London : |b Longman Group UK, |c 1991 | ||
| 300 | |c 296 s | ||
| 650 | 7 | |a angličtina |2 stusub | |
| 650 | 7 | |a vyučovanie jazykov |2 stusub | |
| 996 | |b E80818 |c E*80818 |l EE18 |s P |a 0 |w stu9239_0001 | ||
| 996 | |b E80819 |c E*80819 |l EE18 |s P |a 0 |w stu9239_0002 | ||